Free Energy Calculations in Rational Drug Design (Record no. 17071)

000 -LEADER
fixed length control field 00283nam a22001097a 4500
008 - FIXED-LENGTH DATA ELEMENTS--GENERAL INFORMATION
fixed length control field 140417t xxu||||| |||| 00| 0 eng d
020 ## - INTERNATIONAL STANDARD BOOK NUMBER
International Standard Book Number 978-0306466762
100 ## - MAIN ENTRY--PERSONAL NAME
Personal name M. Rami Reddy
9 (RLIN) 824
245 ## - TITLE STATEMENT
Title Free Energy Calculations in Rational Drug Design
300 ## - PHYSICAL DESCRIPTION
Extent 394
942 ## - ADDED ENTRY ELEMENTS (KOHA)
Source of classification or shelving scheme
Koha item type Book
Holdings
Withdrawn status Lost status Source of classification or shelving scheme Damaged status Not for loan Collection code Permanent Location Current Location Date acquired Total Checkouts Full call number Barcode Date last seen Price effective from Koha item type
            Atta-ur-Rahman School of Applied Biosciences (ASAB) Atta-ur-Rahman School of Applied Biosciences (ASAB) 04/17/2014   615.19 RED ASAB1134 04/17/2014 04/17/2014 Book
            Atta-ur-Rahman School of Applied Biosciences (ASAB) Atta-ur-Rahman School of Applied Biosciences (ASAB) 04/17/2014   615.19 RED ASAB1133 04/17/2014 04/17/2014 Book
            Atta-ur-Rahman School of Applied Biosciences (ASAB) Atta-ur-Rahman School of Applied Biosciences (ASAB) 04/17/2014   615.19 RED ASAB1132 04/17/2014 04/17/2014 Book
            Atta-ur-Rahman School of Applied Biosciences (ASAB) Atta-ur-Rahman School of Applied Biosciences (ASAB) 04/17/2014   615.19 RED ASAB1131 04/17/2014 04/17/2014 Book
            Atta-ur-Rahman School of Applied Biosciences (ASAB) Atta-ur-Rahman School of Applied Biosciences (ASAB) 04/17/2014   615.19 RED ASAB1130 04/17/2014 04/17/2014 Book
© 2023 Central Library, National University of Sciences and Technology. All Rights Reserved.